Pro-poor growth and governance in South Asia : decentralization and participatory development /

Bibliographic Details
Other Authors: Wignaraja, Ponna, Sirivardana, Susil
Format: Book
Language:English
Published: New Delhi ; Thousand Oaks, Calif. : Sage Publications, 2004.
Subjects:
Online Access:Table of contents

MARC

Tag First Indicator Second Indicator Subfields
LEADER 00000cam a22000004a 4500
001 in00002012121
005 20151031152956.0
008 030828s2004 ii a b 001 0 eng
010 |a  2003019120 
020 |a 0761997989 (Cloth) 
020 |a 0761997997 (Paper) 
020 |a 8178292750 (India : Hb) 
020 |a 8178292769 (India : Pb) 
035 |a (OCoLC)ocm53006730 
040 |a DLC  |c DLC  |d YDX  |d VVC  |d TXA  |d UtOrBLW 
042 |a pcc 
043 |a az----- 
049 |a TXAM 
050 0 0 |a HN670.3.A8  |b P76 2004 
082 0 0 |a 361.2/5/0954  |2 22 
245 0 0 |a Pro-poor growth and governance in South Asia :  |b decentralization and participatory development /  |c edited by Ponna Wignaraja, Susil Sirivardana. 
264 1 |a New Delhi ;  |a Thousand Oaks, Calif. :  |b Sage Publications,  |c 2004. 
300 |a 459 pages :  |b illustrations ;  |c 23 cm. 
336 |a text  |b txt  |2 rdacontent 
337 |a unmediated  |b n  |2 rdamedia 
338 |a volume  |b nc  |2 rdacarrier 
505 0 |a The conceptual framework / Ponna Wignaraja -- Decentralization without mobilisation in Kerala / Madhu Subramanian -- Urban local government and private sector partnership in Gujarat / Amitabh Kundu and Debolina Kundu -- Karachi: filling the space in local governance with self-reliant development / Arif Hasan and Salim Aleemuddin -- Innovative practice amidst positive potential for paradigm shift: the case of Sri Lanka / Susil Sirivardana -- Women-led pro-poor growth with supportive decentralization in Nepal / Srikrishna Upadhyay and Govinda Koirala -- Decentralisation and pro-poor growth strategies in Bangladesh: ready for convergence / Shaikh Maqsood Ali -- Lessons for macro-micro policy / Akmal Hussain, Susil Sirivardana and Ponna Wignaraja. 
504 |a Includes bibliographical references (pages [436]-443) and index. 
650 0 |a Social planning  |z South Asia. 
650 0 |a Poor  |z South Asia. 
650 0 |a Poverty  |z South Asia. 
650 0 |a Community development  |z South Asia. 
700 1 |a Wignaraja, Ponna. 
700 1 |a Sirivardana, Susil. 
856 4 1 |3 Table of contents  |u http://www.loc.gov/catdir/toc/ecip048/2003019120.html  |t 0 
948 |a cataloged  |b h  |c 2004/12/14  |d c  |e jgreene  |f 3:41:05 pm 
994 |a E0  |b TXA 
999 |a MARS 
999 f f |s cd58174f-bedd-316c-adf7-758aab560d92  |i a0392233-9db9-3541-88a5-d544344ed470  |t 0 
952 f f |p ric  |a Texas A&M University  |b Rellis Campus  |c Joint Library Facility  |d Remote Storage  |t 0  |e HN670.3.A8 P76 2004  |h Library of Congress classification  |i unmediated -- volume  |m A14831691289 
998 f f |a HN670.3.A8 P76 2004  |t 0  |l Remote Storage